| 000 | 00828nam a2200217 a 4500 | ||
|---|---|---|---|
| 001 | 000009942 | ||
| 005 | 20240412074214.0 | ||
| 008 | 091002s1998 dr a r 000 p spa d | ||
| 040 |
_aDO-SdBNP _bspa _cBNPHU |
||
| 082 |
_aRD861.44 _bD473c |
||
| 245 | 0 | 0 |
_aDespués de 100 años ¡La poesía vive! / _cCompilador Tony Raful. |
| 260 |
_aSanto Domingo : _bPublicaciones de la Universidad Autónoma de Santo Domingo, _c1998. |
||
| 300 |
_a93 p. : _bil. ; _c22 cm. |
||
| 490 | 1 |
_aPublicaciones de la Universidad Autónoma de Santo Domingo. _v866 |
|
| 490 | 1 |
_aLiteratura y Sociedad _v21 |
|
| 650 | 0 |
_aPoesía dominicana _966 |
|
| 650 | 0 |
_aLiteratura dominicana. _967 |
|
| 700 | 1 |
_aRaful, Tony, _d1951- _ecomp. _91377 |
|
| 830 | 0 |
_aPublicaciones de la Universidad Autónoma de Santo Domingo. _n866 _924877 |
|
| 830 | 0 |
_aLiteratura _n21 _924878 |
|
| 999 |
_c9701 _d9701 |
||